| Tag |
First Indicator |
Second Indicator |
Subfields |
| LEADER |
00000cam a2200000 a 4500 |
| 001 |
in00001474739 |
| 005 |
20151021052028.0 |
| 007 |
hd afa014baca |
| 008 |
961126s1995 dcu ab f000 0 eng d |
| 035 |
|
|
|a (OCoLC)35999844
|
| 035 |
|
|
|9 AJE2507AM
|
| 040 |
|
|
|a UP3
|c UP3
|d UtOrBLW
|
| 043 |
|
|
|a n-us---
|
| 049 |
|
|
|a TXAI
|
| 090 |
|
|
|a JK1108
|b .M35 Suppl. 1995 reel 9
|
| 099 |
|
|
|a film
|a S
|a 1707 1995, reel 9, fr. 00659.
|
| 100 |
1 |
|
|a Jones, Nancy Lee.
|
| 245 |
1 |
4 |
|a The Individuals with disabilities education act (IDEA) :
|b legal issues surrounding the least restrictive environment /
|c Nancy L. Jones.
|
| 264 |
|
1 |
|a [Washington, D.C.] :
|b Congressional Research Service, Library of Congress,
|c [1995]
|
| 300 |
|
|
|a 10 pages ;
|c 28 cm.
|
| 336 |
|
|
|a text
|b txt
|2 rdacontent
|
| 337 |
|
|
|a microform
|b h
|2 rdamedia
|
| 338 |
|
|
|a microfilm reel
|b hd
|2 rdacarrier
|
| 500 |
|
|
|a Cover title.
|
| 500 |
|
|
|a At head of title: CRS report for Congress.
|
| 500 |
|
|
|a "February 13, 1995."
|
| 504 |
|
|
|a Includes bibliographical references.
|
| 500 |
|
|
|a "95-286 A."
|
| 533 |
|
|
|a Microfilm.
|b Arlington, Va. :
|c University Publications of America,
|d 1996.
|e on 1 microfilm reel ; 35 mm. Low reduction.
|f (Major studies and issue briefs of the Congressional Research Service. 1995 supplement ; reel 9, fr. 00659).
|
| 500 |
|
|
|a Microform.
|
| 650 |
|
0 |
|a Children with disabilities
|x Education
|z United States.
|
| 650 |
|
0 |
|a Children with disabilities
|x Education
|x Law and legislation
|z United States.
|
| 710 |
2 |
|
|a Library of Congress.
|b Congressional Research Service.
|
| 830 |
|
0 |
|a Major studies and issue briefs of the Congressional Research Service.
|p Supplement ;
|v 1995, reel 9, fr. 00659.
|
| 999 |
|
|
|a MARS
|
| 999 |
f |
f |
|s c032ba8e-d798-3295-89ba-bb5256cf05a0
|i eeffe3f9-8846-33df-9f97-196b2119754a
|t 0
|
| 952 |
f |
f |
|p default
|a Texas A&M University
|b College Station
|c Sterling C. Evans Library
|d Evans: Microforms (3rd floor)
|t 0
|e film S 1707 1995, reel 9, fr. 00659.
|h Other scheme
|i microform -- microfilm reel
|
| 998 |
f |
f |
|a film S 1707 1995, reel 9, fr. 00659.
|t 0
|l Evans: Microforms (3rd floor)
|